| 000 | 00711cam a22002533a 4500 | ||
|---|---|---|---|
| 001 | 3669 | ||
| 003 | PGUSA | ||
| 005 | 20140828083036.0 | ||
| 008 | 030101s2003||||xxu|||||s|||||000 1 eng d | ||
| 040 |
_aPGUSA _beng |
||
| 042 | _adc | ||
| 050 | 4 | _aPR | |
| 100 | 1 |
_aReade, Charles, _d1814-1884 |
|
| 245 | 1 | 2 |
_aA Woman-Hater _h[electronic resource] / _cCharles Reade |
| 260 |
_bProject Gutenberg, _c2003 |
||
| 506 | _aPublic domain in the USA. | ||
| 516 | _aElectronic text | ||
| 653 | _aMan-woman relationships -- Fiction | ||
| 653 | _aTrade unions -- Fiction | ||
| 653 | _aWomen doctors -- Fiction | ||
| 830 | 0 |
_aProject Gutenberg _v3669 |
|
| 856 | 4 | 0 | _uhttp://www.gutenberg.org/ebooks/3669 |
| 942 | _cEB | ||
| 999 |
_c232998 _d232998 |
||